Statistics for Marine geology on a World Map

Click here to take the quiz!

General Stats

  • This quiz has been taken 878 times
  • The average score is 5 of 20

Answers on the Map

Answers color-coded by a green-red scale on the quiz's map according to % correct below.
 

Answer Stats

Answer% Correct
Mid-Atlantic Ridge
85%
Mariana Trench
80%
Japan Trench
49%
Philippine Trench
41%
Aleutian Trench
32%
Peru-Chile Trench
32%
Kuril-Kamchatka Trench
27%
Chile Ridge
26%
Nazca Ridge
23%
Sunda Trench
23%
Puerto Rico Trench
19%
Middle America Trench
18%
Pacific-Antarctic Ridge
18%
Tonga Trench
17%
East Pacific Ridge
15%
South Sandwich Trench
8%
Kermadec Trench
7%
Southeast Indian Ridge
7%
Southwest Indian Ridge
7%
Central Indian Ridge
6%

Score Distribution

Percentile by Number Answered

Percent of People with Each Score

Your Score History

You have not taken this quiz